| 000 | 00802nam a22002651 4500 | ||
|---|---|---|---|
| 001 | 6950 | ||
| 003 | BD-RjUL | ||
| 005 | 20211208234338.0 | ||
| 008 | 120114s1963 cau 000 0 eng | ||
| 035 | _a(BD-RjUL)6992 | ||
| 040 |
_aDLC/ICU _cICU _dDLC _dBD-RjUL _beng |
||
| 041 | _aeng | ||
| 082 | 0 | 0 |
_a512.5 _219 _bMOT 1963 |
| 100 | 1 |
_aMoses, Lincoln E. _921796 |
|
| 245 | 1 | 0 |
_aTables of random permutations / _cLincoln E. Moses and Robert V. Oakford. |
| 260 |
_aStanford, Calif. : _bStanford University Press, _c1963. |
||
| 300 |
_a233 p. , _c25 cm. |
||
| 650 | 0 |
_aPermutations _xTables. _921797 |
|
| 650 | 0 |
_aStochastic processes. _921798 |
|
| 700 | 1 |
_aOakford, Robert V., _ejoint author. _921799 |
|
| 740 | 0 | _aRandom permutations. | |
| 942 |
_2ddc _cBK |
||
| 999 |
_c6950 _d6950 |
||